1041 1245 1266 1004 1274 1453 1934 1380 1729 1165 1852 1530 1886 1848 1647 1225 1570 1083 1782 1850 1149 1989 1996 1128 1748 1752 1182 1804 1923 1093 1322 1258 1790 1728 1430 1627 1880 1663 1984 1599 1084 1332 1633 1334 1787 1125 1747 1001 1725 1107 1306 1734 1349 1061 1187 1064 1012 1540 1531 1200 1302 1428 1709 1585 1158 1589 1426 1651 1720 1108 1373 1179 1568 1030 1593 1417 1556 1945 1274 1700 1221 1898 1611 1424 1261 1237 1704 1019 1136 1371 1280 1625 1634 1102 1099 1341 1089 1969 1788 BCNSPRNW ULIB Ver.6.0+V

เปลี่ยนเป็นภาษาไทย

Change to English
 แสดงรายละเอียดบรรณานุกรม
  กลับหน้าหลัก

Brief Record : Get Marc (ISO 2709) : E-mail record : QR code < ปิดหน้าต่าง
LEADER : 00000nam 2200000uu 4500
001    13399124457
003     ULIB
008    150723s2557||||th 000 0 tha d
020    ^a9786162795053
060 04 ^aQT100^bค12ส ล.1
110 1  มหาวิทยาลัยมหิดล.^bคณะแพทย์ศาสตร์ศิริราชพยาบาล .^bคณาจารย์ภาควิชาสรีรวิทยา
245 10 ^aสรีรวิทยา 1 /^cคณาจารย์ภาควิชาสรีรวิทยา คณะแพทย์ศาสตร์ศิริราชพยาบาล มหาวิทยาลัยมหิดล.
250    พิมพ์ครั้งที่ 6
260    ^aนนทบุรี :^bคณะแพทย์ศาสตร์ศิริราชพยาบาล มหาวิทยาลัยมหิดล.^c2557
300    ^a309หน้า :^bภาพประกอบ ;^c26 ซม.
500    ^aSend to Single Search
650  2 ^aPhysiology
650  4 ^aสรีรวิทยา
700 0  ^aวัฒนา วัฒนาภา,^eบรรณาะิการ
700 0  สุพัตรา โล่ห์สิริวัฒน์,^eบรรณาะิการ
700 0  สุพรพิมพ์ เจียสกุล,^eบรรณาะิการ
945    ^p280^l0^i22992
945    ^p280^l0^i22993
945    ^p280^l0^i22994
945    ^p280^l0^i22995
945    ^p280^l0^i22996
945    ^p280^l0^i22997
945    ^p280^l0^i22998
945    ^p280^l0^i22999
995    ทศพร
999 ^a ใช้งานได้ทุกระบบ
รายการนี้ยังไม่มีแท็ก
คุณยังไม่ได้ล็อกอิน คุณสามารถมีกิจกรรมร่วมกับเว็บไซต์ได้ แต่ต้องล็อกอินก่อน ::
  ล็อกอิน

รายการสื่อสารสนเทศ

ลำดับที่ ประเภท เลขเรียก/บาร์โค้ด สถานที่ สถานะ
1. Book การพยาบาล
Book การพยาบาล
สถานะ=หนังสือเก่า
QT100 ค12ส ล.1 ฉ.1 
  Barcode: 22992
ห้องสมุดวิทยาเขตนครสวรรค์
►ส่วนจัดเก็บหนังสือเก่า นว.
บนชั้น
  ขอยืม
2. Book การพยาบาล
Book การพยาบาล
สถานะ=หนังสือเก่า
QT100 ค12ส ล.1 ฉ.2 
  Barcode: 22993
ห้องสมุดวิทยาเขตนครสวรรค์
►ส่วนจัดเก็บหนังสือเก่า นว.
บนชั้น
  ขอยืม
3. Book การพยาบาล
Book การพยาบาล
สถานะ=หนังสือเก่า
QT100 ค12ส ล.1 ฉ.3 
  Barcode: 22994
ห้องสมุดวิทยาเขตนครสวรรค์
►ส่วนจัดเก็บหนังสือเก่า นว.
บนชั้น
  ขอยืม
4. Book การพยาบาล
Book การพยาบาล
QT100 ค12ส ล.1 ฉ.4 
  Barcode: 22995
ห้องสมุดวิทยาเขตนครสวรรค์
►หนังสือทั่วไป:l:General Books
บนชั้น
5. Book การพยาบาล
Book การพยาบาล
สถานะ=หนังสือเก่า
QT100 ค12ส ล.1 ฉ.5 
  Barcode: 22996
ห้องสมุดวิทยาเขตนครสวรรค์
►ส่วนจัดเก็บหนังสือเก่า นว.
บนชั้น
  ขอยืม
6. Book การพยาบาล
Book การพยาบาล
สถานะ=หนังสือเก่า
QT100 ค12ส ล.1 ฉ.6 
  Barcode: 22997
ห้องสมุดวิทยาเขตนครสวรรค์
►ส่วนจัดเก็บหนังสือเก่า นว.
บนชั้น
  ขอยืม
7. Book การพยาบาล
Book การพยาบาล
สถานะ=หนังสือเก่า
QT100 ค12ส ล.1 ฉ.7 
  Barcode: 22998
ห้องสมุดวิทยาเขตนครสวรรค์
►ส่วนจัดเก็บหนังสือเก่า นว.
บนชั้น
  ขอยืม
8. Book การพยาบาล
Book การพยาบาล
สถานะ=หนังสือเก่า
QT100 ค12ส ล.1 ฉ.8 
  Barcode: 22999
ห้องสมุดวิทยาเขตนครสวรรค์
►ส่วนจัดเก็บหนังสือเก่า นว.
บนชั้น
  ขอยืม

รายการใกล้เคียง
    หัวเรื่อง [Physiology]
    หัวเรื่อง [สรีรวิทยา]

BibComment


ยังไม่เคยถูกคอมเมนท์

คอมเมนท์ทรัพยากรรายการนี้
  คอมเมนท์: สรีรวิทยา 1 คณา..


 Copyright 2026. Bcnsprnw @Library